Hạfrīyāt al-Fustạ̄t ̣: majmū̀at al-manāzịr al-futūghrāfīyah = Fouilles d'Al Foustât : album de photographies.
Corporate Author:
Format: Book
Language:
Arabic
French
Published:
al-Qāhirah :
Matḅàat Dār al-Kutub al-Mis̄rīyah,
1928.
Edition: al-Tạb̀ah 1.
Subjects:
Tags: Add Tag
Call Number: ( F )DT150.5 .F8 H3 1928
| LEADER | 01400nam a22003377a 4500 | ||
|---|---|---|---|
| 003 | OSt | ||
| 005 | 20251222125232.0 | ||
| 008 | 251222t1928 ua a 000 0 ara d | ||
| 040 | |c ARCE Library | ||
| 041 | 0 | |a ara |a fre | |
| 043 | |a f-ua--- | ||
| 050 | 4 | |a ( F )DT150.5 .F8 |b H3 1928 | |
| 245 | 0 | 0 | |6 880-01 |a Hạfrīyāt al-Fustạ̄t ̣: |b majmū̀at al-manāzịr al-futūghrāfīyah = Fouilles d'Al Foustât : album de photographies. |
| 246 | 3 | 1 | |a Fouilles d'Al Foustât. |
| 250 | |6 880-02 |a al-Tạb̀ah 1. | ||
| 260 | |6 880-03 |a al-Qāhirah : |b Matḅàat Dār al-Kutub al-Mis̄rīyah, |c 1928. | ||
| 300 | |a 7, 32 [i.e. 33] leaves : |b Cheifly ill. ; |c 38 cm. | ||
| 336 | |2 rdacontent |a text |b txt | ||
| 337 | |2 rdamedia |a unmediated |b n | ||
| 338 | |2 rdacarrier |a volume |b n | ||
| 546 | |a Captions in Arabic and French. | ||
| 561 | |a Copies also from Mahmoud Saba's personal library collection at the American University in Cairo. | ||
| 650 | 0 | |a Excavations (Archaeology) |z Egypt |z Cairo. | |
| 650 | 0 | |a Art objects, Arabic. | |
| 651 | 0 | |a Cairo (Egypt) |x Antiquities. | |
| 651 | 0 | |a Fusṭāṭ (Cairo, Egypt) |x Antiquities. | |
| 710 | 2 | |a Matḥaf al-Fann al-Islāmī (Cairo, Egypt) | |
| 880 | 0 | 0 | |6 245-01/(3/r |a حفريات الفسطاط : |b مجموعة المناظر الفتوغرافية = Fouilles d'Al Foustât : album de photographies. |
| 901 | |a reviewed | ||
| 942 | |2 lcc |c BK | ||
| 999 | |c 58199 |d 58199 | ||
